Animales : (Record no. 24743)

MARC details
000 -LEADER
fixed length control field 01248cam a2200301Ii 4500
001 - CONTROL NUMBER
control field 933249799
003 - CONTROL NUMBER IDENTIFIER
control field OCoLC
005 - DATE AND TIME OF LATEST TRANSACTION
control field 20240113203935.0
008 - FIXED-LENGTH DATA ELEMENTS--GENERAL INFORMATION
fixed length control field 151221s2015 nyua j 001 0 spa
020 ## - INTERNATIONAL STANDARD BOOK NUMBER
International Standard Book Number 9781474816731
020 ## - INTERNATIONAL STANDARD BOOK NUMBER
International Standard Book Number 1474816738
035 ## - SYSTEM CONTROL NUMBER
System control number (OCoLC)933249799
040 ## - CATALOGING SOURCE
Original cataloging agency LPU
Language of cataloging eng
Description conventions rda
Transcribing agency LPU
Modifying agency OCLCO
-- OCLCF
-- OCLCO
-- SO$
041 ## - LANGUAGE CODE
Language code of text/sound track or separate title spa
082 04 - DEWEY DECIMAL CLASSIFICATION NUMBER
Classification number 590
092 ## - LOCALLY ASSIGNED DEWEY CALL NUMBER (OCLC)
Filing suffix J-
Classification number 590
Item number ANIMALES
245 00 - TITLE STATEMENT
Title Animales :
Remainder of title descubre la fascinante diversidad de la naturaleza.
260 ## - PUBLICATION, DISTRIBUTION, ETC. (IMPRINT)
Place of publication, distribution, etc. New York :
Name of publisher, distributor, etc. Parragon,
Date of publication, distribution, etc. 2015.
264 #1 - PRODUCTION, PUBLICATION, DISTRIBUTION, MANUFACTURE, AND COPYRIGHT NOTICE
Place of production, publication, distribution, manufacture New York :
Name of producer, publisher, distributor, manufacturer Parragon,
Date of production, publication, distribution, manufacture, or copyright notice 2015.
300 ## - PHYSICAL DESCRIPTION
Extent 80 pages :
Other physical details color illustrations ;
Dimensions 29 cm.
336 ## - CONTENT TYPE
Content type term text
Content type code txt
Source rdacontent.
337 ## - MEDIA TYPE
Media type term unmediated
Media type code n
Source rdamedia.
338 ## - CARRIER TYPE
Carrier type term volume
Carrier type code nc
Source rdacarrier.
500 ## - GENERAL NOTE
General note Includes index.
520 ## - SUMMARY, ETC.
Summary, etc. "A traves de magnificas fotografias e ilustraciones, Animales te invita a realizar un fascinante viaje visual por la increible fauna con la que compartimos el planeta y a descubrir secretos sorprendentes por el camino. Este libro de consulta para toda la familia saciara la curiosidad de las mentes mas inquisitivas y dara a conocer la gran diversidad del mundo animal" --Back cover.
650 #0 - SUBJECT ADDED ENTRY--TOPICAL TERM
Topical term or geographic name as entry element Animals
Form subdivision Juvenile literature.
942 ## - ADDED ENTRY ELEMENTS (KOHA)
Koha item type Libro/Book
Holdings
Withdrawn status Lost status Damaged status Not for loan Home library Current library Date acquired Total Checkouts Full call number Barcode Date last seen Price effective from Koha item type Inventory number Date checked out Checked out
        Barbudos -- Satellite Barbudos -- Satellite 17/08/2020   JNC 35802009 17/08/2020 17/08/2020 Libro/Book      
        Capulin -- Satellite Capulin -- Satellite 13/08/2020   JNC 35102009 13/08/2020 13/08/2020 Libro/Book Inventory date: 7/7/25    
        Genizero -- Satellite Genizero -- Satellite 15/08/2020 1 JNC 35602008 05/01/2023 15/08/2020 Libro/Book   25/08/2021  
        San Juan Del Sur -- Mobile La Cuesta 21/11/2023 3 JNC 33003667 20/03/2026 21/11/2023 Libro/Book Inventory date: 10-2-25 20/03/2026 24/04/2026
        Las Brisas 1 -- Satellite Las Brisas 1 -- Satellite 10/08/2020   JNC 40002220 10/08/2020 10/08/2020 Libro/Book      
        Las Brisas 2 -- Satellite Las Brisas 2 -- Satellite 10/08/2020   JNC 40102249 10/08/2020 10/08/2020 Libro/Book      
        Monte Cristo -- Satellite Monte Cristo -- Satellite 26/08/2020   JNC 40202218 26/08/2020 26/08/2020 Libro/Book      
        San Juan Del Sur -- Mobile Rejega 21/11/2023 2 JNC 33003678 15/08/2024 21/11/2023 Libro/Book   15/08/2024 17/09/2024
        San Juan Del Sur -- Biblioteca San Juan Del Sur -- Biblioteca 13/01/2023 4 JNC 30010273 13/03/2025 13/01/2023 Libro/Book inventory last seen Mar 2025 12/03/2025  
        San Juan Del Sur -- Biblioteca San Juan Del Sur -- Biblioteca 16/01/2023 3 JNC 30010271 14/04/2023 16/01/2023 Libro/Book Checked out from 2023 - Jan 2025 14/04/2023 21/04/2023
        San Juan Del Sur -- Biblioteca San Juan Del Sur -- Biblioteca 25/10/2023   JNC 30025889 25/10/2023 25/10/2023 Reference      
        San Juan Del Sur -- Mobile San antonio del baston 31/08/2020 1 JNC 33015847 08/09/2021 31/08/2020 Libro/Book   08/09/2021 13/10/2021
        Sevadilla -- Satellite Sevadilla -- Satellite 28/07/2020   JNC 35402010 28/07/2020 28/07/2020 Libro/Book      
        Zaragoza -- Satellite Zaragoza -- Satellite 30/07/2020   JNC 35501957 30/07/2020 30/07/2020 Libro/Book      

Powered by Koha